000 00273nam a2200121Ia 4500
008 220120s9999||||xx |||||||||||||| ||und||
020 _a521425050
082 _a621.395
100 _aGodse, A.P
_91195
245 0 _aLogic design
260 _bCambridge
300 _a187p.
_b0
999 _c136515
_d136515